00398nam a2200121Ia 4500003000400000005001700004008004100021040001800062041000800080100005100088245009900139260003800238OSt20260121110555.0211028s2014 xx 000 0 und d cAIMIT LIBRARY aeng aPandey, Sudhanshu; Amin, Venkatesh S.g1216140 aStudy on inventory management and idle time at Jaypee cement limited in Sidhi district (M P) / aMangalorebVenkatesh S Aminc2014